| 000 | 00457nam a22001577a 4500 | ||
|---|---|---|---|
| 003 | macl | ||
| 005 | 20181118132347.0 | ||
| 008 | 181118b xxu||||| |||| 00| 0 eng d | ||
| 040 | _cmacl | ||
| 082 | _a910 | ||
| 100 |
_aखुल्लर डी आर _966904 |
||
| 245 | _aभूगोल मुख्य परीक्षा के लिए | ||
| 260 |
_aChennai _bMcGraw hill _c2017 |
||
| 650 |
_aभू्गोल _936415 |
||
| 942 |
_2ddc _cBK |
||
| 999 |
_c58600 _d58600 |
||